000 00243nam a2200097Ia 4500
082 _aT 920 GREY
245 0 _aGrey Owl
100 _a SHIPTON, Vicky Harlow, 2003
_996487
942 _cBK
008 210817s9999 xx 000 0 und d
999 _c405484
_d405483